Gaming Quiz

Random Gaming or Color Quiz

Black or Red Card Blitz Quiz Stats

 Plays Quiz Updated Apr 25, 2016

Challenge
Share
Tweet
Embed
Score 0/52 Timer 00:30
7 Plays Today
Card Black (B) or Red (R)? % Correct
♣4???
50.2%
♣5???
50.2%
♣7???
49.9%
♣J???
49.9%
♣2???
49.9%
♣6???
49.8%
♣K???
49.8%
♣8???
49.8%
♣1???
49.7%
♣10???
49.6%
♣9???
49.6%
♥7???
49.5%
♥Q???
49.5%
♥J???
49.5%
♣Q???
49.5%
♥2???
49.4%
♥K???
49.4%
♥6???
49.4%
♥9???
49.4%
♣3???
49.4%
♥5???
49.3%
♦3???
49.3%
♥10???
49.3%
♥4???
49.3%
♥3???
49.3%
♥8???
49.2%
Card Black (B) or Red (R)? % Correct
♦4???
49.2%
♦6???
49.2%
♦2???
49.2%
♦5???
49.2%
♦Q???
49.1%
♥1???
49.1%
♦7???
49.1%
♦1???
49.1%
♦J???
49%
♦8???
48.9%
♠10???
48.9%
♠K???
48.9%
♦K???
48.9%
♠1???
48.9%
♠6???
48.8%
♦10???
48.8%
♠5???
48.8%
♠8???
48.8%
♠3???
48.7%
♦9???
48.7%
♠9???
48.6%
♠2???
48.5%
♠4???
48.5%
♠J???
48.5%
♠Q???
48.3%
♠7???
48.2%

You're not logged in!

Compare scores with friends on all Sporcle quizzes.
OR
Log In

You Might Also Like...

Show Comments

Extras

Top Quizzes Today


Score Distribution

Your Account Isn't Verified!

In order to create a playlist on Sporcle, you need to verify the email address you used during registration. Go to your Sporcle Settings to finish the process.

Report this User

Report this user for behavior that violates our Community Guidelines.

Details: